000 00307nam a2200133Ia 4500
008 220216s9999 xx 000 0 und d
100 _aLewis T R G
245 0 _aAbrasion tests on rubber
260 _bIRI Transactions
_c1946
300 _a375-390
650 _aAbrasion
650 _aRubber
942 _cJS
999 _c53714
_d53714